Biggest Airlines by countries served - Statistics

General Stats
  • This quiz has been taken 44 times
  • The average score is 8 of 10
Answer Stats
Countries Answer % Correct
75 Lufthansa
92%
62 American Airlines
90%
78 Emirates
90%
91 Air France
87%
82 Brittish Airways
87%
67 KLM
82%
62 United Airlines
69%
78 Qatar Airways
64%
129 Turkish Airlines
62%
81 Ethiopian Airlines
28%
No matching quizzes found
Score Distribution
Percent of People with Each Score
Percentile by Number Answered
Your Score History
You have not taken this quiz